| 000 | 00526nam a2200157 i 4500 | ||
|---|---|---|---|
| 001 | 70435 | ||
| 003 | ES-MaACL | ||
| 005 | 20230906170822.0 | ||
| 007 | t| | ||
| 008 | 040726s1918 sp ||||1| spa d | ||
| 100 | 1 |
_aGarcía y Teijeiro Miguel. _955448 |
|
| 245 | 1 | 0 |
_aEn tierra lucense _b: pequeñas jornadas por el distrito de Castroverde : cosas de historia y de montaña / _cque publica Miguel García y Teijeiro. |
| 260 |
_aLugo : _bGerardo Castro, _c1918. |
||
| 300 |
_a188 p. ; _c22x14 cm. |
||
| 852 |
_aES-MaACL _jG-14124 |
||
| 999 |
_c70435 _d70435 |
||